American Aircraft By Code Name - Statistics

General Stats
  • This quiz has been taken 142 times
    69 since last reset
  • The average score is 70 of 217
Answer Stats
Code Name Common Name % Correct
F-22 Raptor
96%
F-15 Eagle
93%
F-18 Hornet
93%
P-38 Lightning
93%
UH-60 Blackhawk
86%
B-52 Stratofortress
86%
A-10 Thunderbolt 2
86%
B-17 Flying Fortress
82%
C-130 Hercules
82%
P-51 Mustang
82%
B-29 Superfortress
82%
F-18E Super Hornet
82%
F-14 Tomcat
82%
AH-64 Apache
79%
CH-47 Chinook
79%
F-16 | F-21 Fighting Falcon
79%
F-35 Lightning 2
79%
V-22 Osprey
79%
B-2 Spirit
79%
P-36 Hawk
75%
F-117 | P-70 Nighthawk
75%
F-4 Phantom
75%
F-15E Strike Eagle
75%
F-11 Tiger
75%
F-111 Aardvark
71%
C-5 Galaxy
71%
C-74 Globemaster
71%
B-1 Lancer
71%
P-47 Thunderbolt
71%
AH-1 | YF-17 Cobra
68%
EA-18G Growler
68%
A-6 Intruder
68%
UH-1 Iroquois
68%
B-24 Liberator
68%
MQ-9 Reaper
68%
F-104 Starfighter
68%
AH-1Z Viper
68%
SR-71 Blackbird
64%
F4U Corsair
64%
F-86 Sabre
64%
F-5 Freedom Fighter
61%
KC-135 Stratotanker
61%
F-100 Super Sabre
57%
U-2 Dragon Lady
54%
C-124 Globemaster 2
54%
E-2D Hawkeye
54%
MQ-20 | TBF Avenger
50%
P-61 Black Widow
50%
PBY Catalina
50%
C-17 Globemaster 3
50%
MQ-1 Predator
50%
EA-6 Prowler
50%
E-3 Sentry
50%
A-4 Skyhawk
50%
T-6 Texan
50%
B-25 Mitchell
46%
SH-60 Seahawk
46%
KC-10 Extender
43%
F6F Hellcat
43%
B-36 Peacemaker
43%
KC-46 Pegasus
43%
P-8 Poseidon
43%
C-47 Skytrain
43%
F-105 Thunderchief
43%
F-20 Tigershark
43%
YF-23 Blackwidow 2
39%
F-106 Delta Dart
39%
B-58 Hustler
39%
B-26 Marauder
39%
P-3 Orion
39%
CH-53 Sea Stallion
39%
P-80 Shooting Star
39%
A-1 Skyraider
39%
P-40 Warhawk
39%
AH-56 Cheyenne
36%
A-7 Corsair 2
36%
SBD Dauntless
36%
F-102 Delta Dagger
36%
CH-46 SeaKnight
36%
T-38 Talon
36%
F-84 Thunderjet
36%
F-101 Voodoo
36%
F4F Wildcat
36%
OV-10 Bronco
32%
AC-130J Ghostrider
32%
RQ-4 Global Hawk
32%
OH-58 Kiowa
32%
CH-53E Super Stallion
32%
P-82 Twin Mustang
32%
P-39 Airacobra
29%
F8F Bearcat
29%
B-18 Bolo
29%
SB2C Helldiver
29%
A-26 Invader
29%
AH-6 Little Bird
29%
P-26 Peashooter
29%
SH-3 Seaking
29%
C-27J Spartan
29%
C-141 Starlifter
29%
UH-1Y Super Huey
29%
F-84F Thunderstreak
29%
F7F Tigercat
29%
B-57 Canberra
25%
A-37 Dragonfly
25%
A-20 Havoc
25%
RQ-11 Raven
25%
C-135 Stratolifter
25%
VC-45 Airforce 1
21%
C-133 Cargomaster
21%
F3H Demon
21%
B-66 Destroyer
21%
C-2 Greyhound
21%
P-63 King Cobra
21%
OS2U Kingfisher
21%
F9F-5 Panther
21%
AH-1J Sea cobra
21%
A-2D Skyshark
21%
B-47 Stratojet
21%
L-1 | O-49 Vigilant
21%
VH-60 White Hawk
21%
F2A Buffalo
18%
C-46 Commando
18%
F9F-6 Cougar
18%
T-7 (Future) Red Hawk
18%
F-89 Scorpion
18%
F-94 Starfire
18%
MQ-25 Stingray
18%
A-5 Vigilante
18%
P-59 Aircomet
14%
DC-10 Air Tanker
14%
F2H Banshee
14%
C-119 Boxcar
14%
B-32 Dominator
14%
MH-60 Jayhawk
14%
E-8 Joint Stars
14%
CH-53K King Stallion
14%
A-12 (Curtiss) Shrike
14%
F-6 Skyray
14%
A-3 Skywarrior
14%
B-45 Tornado
14%
S-2 Tracker
14%
C-1 | TF-1 Trader
14%
T-37 Tweet
14%
S-3 Viking
14%
A-12 (Lockheed) Archangel
11%
O-1 | L-19 Bird Dog
11%
OH-6 Cayuse
11%
C-98 Clipper
11%
F7U Cutlass
11%
OV-103 Discovery
11%
FJ-2 Fury
11%
T-45 Goshawk
11%
C-12 Huron
11%
E-6 Mercury
11%
C-123 Provider
11%
F2Y Sea Dart
11%
L-5 Sentinel
11%
C-54 | O-2 Skymaster
11%
C-97 Stratofreighter
11%
E-1 Tracer
11%
B-34 | B-37 Ventura
11%
SB2U Vindicator
11%
SB2A Buccaneer
7%
CH-19 Chickasaw
7%
CH-24 Choctaw
7%
F-8 Crusaider
7%
TBD Devastator
7%
MQ-1C Grey Eagle
7%
AF-2 Guardian
7%
HH-3E Jolly Green Giant
7%
PBM Mariner
7%
OV-1 Mohawk
7%
CH-37 Mojave
7%
C-9 Nightingale
7%
F6U Pirate
7%
SH-2 Seasprite
7%
F-10 Skyknight
7%
C-75 Stratoliner
7%
A-31 Vengeance
7%
G-44 Widgeon
7%
H-21 Workhorse
7%
MC-135A Combat Coyote
4%
PB2Y Coronado
4%
RQ-3 Darkstar
4%
T-43 Gator
4%
G-21 Goose
4%
L-2 | O-57 Grasshoper
4%
H-5 Horse
4%
O-52 Owl
4%
VH-91 Patriot
4%
J-3 Piper Cub
4%
A-2 Savage
4%
RQ-7 Shadow
4%
H-13 Sioux
4%
RQ-16 Tarantula Hawk
4%
MQ-4 Triton
4%
MC-135B Willy Coyote
4%
RQ-21 Blackjack
0%
T-2 Buckeye
0%
RQ-14 Dragon Eye
0%
MQ-28 Ghost Bat
0%
HH-43 Huskie
0%
P5M Marlin
0%
T-34 Mentor
0%
HH-3F Pelican
0%
RQ-2 Pioneer
0%
MQ-9B Protecter
0%
RQ-20 Puma
0%
SOC Seagull
0%
SC3C Seamew
0%
T-28 Trojan
0%
No matching quizzes found
Score Distribution
Percent of People with Each Score
Percentile by Number Answered
Your Score History
You have not taken this quiz since the last reset